Nový katastrálny zákon. 3
Úprava katastrálneho operátu v novom katastrálnom zákone (č.162/1995 Z.z.). Novoriešená verejnosť katastrálneho operátu. Priestupky a porušenia poriadku na úseku katastra. Pôsobnosť Úradu geodézie, kartografie a katastra SR. Účinnosť zákona. Katastrálny zákon tvorí súčasne integrálnu súčasť väčšieho...
Saved in:
| Main Author: | |
|---|---|
| Format: | Book Chapter |
| Language: | Slovak |
| Subjects: | |
| Tags: |
No Tags, Be the first to tag this record!
|
MARC
| LEADER | 00000naa a2200000 4500 | ||
|---|---|---|---|
| 001 | r019441 | ||
| 005 | 20221213101344.2 | ||
| 041 | 0 | |a slo | |
| 044 | |a SK | ||
| 245 | 1 | 0 | |a Nový katastrálny zákon. 3 |c J. Macko |
| 520 | |a Úprava katastrálneho operátu v novom katastrálnom zákone (č.162/1995 Z.z.). Novoriešená verejnosť katastrálneho operátu. Priestupky a porušenia poriadku na úseku katastra. Pôsobnosť Úradu geodézie, kartografie a katastra SR. Účinnosť zákona. Katastrálny zákon tvorí súčasne integrálnu súčasť väčšieho počtu zákonov. | ||
| 610 | 2 | 0 | |a zákony |
| 610 | 2 | 0 | |a kataster nehnuteľností |
| 610 | 2 | 0 | |a Slovensko |
| 610 | 2 | 0 | |a 1995 |
| 610 | 2 | 0 | |a Úrad geodézie, kartografie a katastra SR Bratislava |
| 610 | 2 | 0 | |a nehnuteľnosti |
| 610 | 2 | 0 | |a pozemky |
| 610 | 2 | 0 | |a evidencia |
| 610 | 2 | 0 | |a vlastníctvo pozemkové |
| 100 | 1 | |a Macko, J. | |